000 00423nab a22001097u 4500
008 130520b2010 xxu||||| |||| 00| 0 spa d
041 _aspa
100 1 _aHaker, Hille
_912235
245 0 0 _aDictamen del Grupo Europeo de Ética de las Ciencias y las Nuevas Tecnologías (GEE) sobre el tema "Ética de la biología sintética"
_cHille Haker
773 0 _tConcilium
_gnº336,2010,págs. 171-541
_x0210-1041
_wRev134
942 _cAR
999 _c413645
_d413645